Online
Catalog

¿Por qué esperar hasta el matrimonio? / (Record no. 22777)

MARC details
000 -CABECERA
campo de control de longitud fija 00741nam a2200205 a 4500
001 - NÚMERO DE CONTROL
campo de control 000023280
005 - FECHA Y HORA DE LA ÚLTIMA TRANSACCIÓN
campo de control 20200930022117.0
008 - DATOS DE LONGITUD FIJA--INFORMACIÓN GENERAL
campo de control de longitud fija 101201s1974 ag r 000 0 spa d
040 ## - FUENTE DE LA CATALOGACIÓN
Centro catalogador/agencia de origen DO-SdBNP
Lengua de catalogación spa
Centro/agencia transcriptor BNPHU
041 17 - CÓDIGO DE LENGUA
Código de lengua del texto/banda sonora o título independiente spa
Código de lengua original eng
Fuente del código Código de idiomas MARC
082 ## - NÚMERO DE LA CLASIFICACIÓN DECIMAL DEWEY
Número de clasificación nnnn
Número de documento/Ítem D983p
049 ## - FONDOS LOCALES (OCLC)
Fondos de biblioteca BNGR
100 1# - ENTRADA PRINCIPAL--NOMBRE DE PERSONA
Nombre de persona Duvall, Evelyn Millis,
9 (RLIN) 47940
240 10 - TÍTULO UNIFORME
Título uniforme Why wait till marriage?
Lenguaje de la obra Español.
245 11 - MENCIÓN DE TÍTULO
Título ¿Por qué esperar hasta el matrimonio? /
Mención de responsabilidad, etc. Evelyn Millis Duvall ; traducido por Pablo Alberto Deiros.
260 ## - PUBLICACIÓN, DISTRIBUCIÓN, ETC.
Lugar de publicación, distribución, etc. Buenos Aires :
Nombre del editor, distribuidor, etc. Casa Bautista de Publicaciones,
Fecha de publicación, distribución, etc. 1974.
300 ## - DESCRIPCIÓN FÍSICA
Extensión 155 p. ;
Dimensiones 19 cm.
534 ## - NOTA SOBRE LA VERSIÓN ORIGINAL
Frase introductoria Título original en inglés:
Mención de título del original Why wait till marriage?
Publicación, distribución, etc. del original 1965
700 1# - PUNTO DE ACCESO ADICIONAL--NOMBRE DE PERSONA
Nombre de persona Deiros, Pablo Alberto,
Término indicativo de función/relación tr.
9 (RLIN) 47941
Holdings
Estado de retiro Estado de pérdida Restricciones de uso No para préstamo Código de colección Localización permanente Ubicación/localización actual Ubicación en estantería Fecha de adquisición Número de inventario Total de préstamos Signatura topográfica completa Código de barras Fecha visto por última vez Precio válido a partir de Tipo de ítem Koha
    Préstamo interno   Monografías: Libros y Folletos General General En catalogación 01.12.2010 LF1   nnnn D983p 23280-10 25.06.2020 25.06.2020 Préstamo interno

Powered by Koha